Readings in early Indian history / (Record no. 78313)

MARC details
000 -LEADER
fixed length control field 01004nam a22002777a 4500
005 - DATE AND TIME OF LATEST TRANSACTION
control field 20170705142759.0
010 ## - LCCN (DPL NO)
LC control number ENG-108266
020 ## - INTERNATIONAL STANDARD BOOK NUMBER
International Standard Book Number 9780198083764
Terms of availability 650.00
020 ## - INTERNATIONAL STANDARD BOOK NUMBER
International Standard Book Number 0198083769
Terms of availability 650.00
035 ## - SYSTEM CONTROL NUMBER
System control number EN-91798
035 ## - SYSTEM CONTROL NUMBER
System control number B-534983-989
035 ## - SYSTEM CONTROL NUMBER
System control number B-664578
037 ## - SOURCE OF ACQUISITION
Source of stock number/acquisition DBAD/PUB
037 ## - SOURCE OF ACQUISITION
Source of stock number/acquisition BSB/Ven
Stock number dpl
082 ## - DEWEY DECIMAL CLASSIFICATION NUMBER
Classification number 954
100 ## - MAIN ENTRY--PERSONAL NAME
Personal name Thapar, Romila
245 10 - TITLE STATEMENT
Title Readings in early Indian history /
Statement of responsibility, etc by Romila Thapar
260 ## - PUBLICATION, DISTRIBUTION, ETC. (IMPRINT)
Place of publication, distribution, etc New Delhi
Name of publisher, distributor, etc Oxford University Press
Date of publication, distribution, etc 2013
270 ## - ADDRESS
Address YMCA Library Building, 1 Jai Singh Road
City New Delhi
Postal code 110001
300 ## - PHYSICAL DESCRIPTION
Extent x,492p. :
Dimensions 23cm(pbk)
Other physical details map
500 ## - GENERAL NOTE
General note Essays; previously published.
500 ## - GENERAL NOTE
General note Includes bibliographic references and index
942 ## - ADDED ENTRY ELEMENTS (KOHA)
Source of classification or shelving scheme Dewey Decimal Classification
Item type English Books
Call number suffix THA
Classification part 954
Holdings
Withdrawn status Lost status Not for loan Collection code Home library Current library Date acquired Source of acquisition Cost, normal purchase price Full call number Barcode Copy number Cost, replacement price Koha item type
      Non-fiction Ashok Vihar Ashok Vihar 05/07/2017 BPPD/EN/2013-14/AV/2016-17/363/BSB/IN503/28.02.2017/06.03.2017 650.00 954 THA B-664578 1 650.00 English Books
      Non-fiction Bawana Bawana 22/08/2014 BSB/IN606/27.03.2014/143/25.03.2014/29.03.2014 650.00 954 THA B-534985 1 650.00 English Books
    Not For Loan Non-fiction D.B.Act.Division D.B.Act.Division 02/08/2013 DBAD / PUB 650.00 954 THA EN-91798 1 650.00 English Books
      Non-fiction Narela Narela 22/08/2014 BSB/IN606/27.03.2014/143/25.03.2014/29.03.2014 650.00 954 THA B-534987 1 650.00 English Books
      Non-fiction New Rohtak Road New Rohtak Road 22/08/2014 BSB/IN606/27.03.2014/143/25.03.2014/29.03.2014 650.00 954 THA B-534986 1 650.00 English Books
      Non-fiction R.C.Libraries (zls) R.C.Libraries (zls) 22/08/2014 BSB/IN606/27.03.2014/143/25.03.2014/29.03.2014 650.00 954 THA B-534989 1 650.00 English Books
      Non-fiction R.K.Puram-8 R.K.Puram-8 22/08/2014 BSB/IN606/27.03.2014/143/25.03.2014/29.03.2014 650.00 954 THA B-534984 1 650.00 English Books
      Non-fiction Sarojini Nagar Sarojini Nagar 22/08/2014 BSB/IN606/27.03.2014/143/25.03.2014/29.03.2014 650.00 954 THA B-534983 1 650.00 English Books
      Non-fiction Shahdara Branch Shahdara Branch 22/08/2014 BSB/IN606/27.03.2014/143/25.03.2014/29.03.2014 650.00 954 THA B-534988 1 650.00 English Books

© Delhi Public Library
Hit Counter
free hit counter